| 000 | 00823nam a22002417a 4500 | ||
|---|---|---|---|
| 999 |
_c13314 _d13314 |
||
| 001 | 17250 | ||
| 003 | MIRAKIL | ||
| 005 | 20190617113708.0 | ||
| 008 | 190617b tu ||||| |||| 00| 0 tur d | ||
| 020 | _a9789755552002 | ||
| 040 |
_aTR-AnCHP _btur _cTR-AnCHP |
||
| 041 | _atur | ||
| 082 |
_a346.0702632 _bT96 2011 |
||
| 245 |
_aTürk Ticaret Kanunu / _chazırlayanlar Bumin Doğrusöz, Öznur Onat, Funda Tunçel Töralp. |
||
| 260 |
_aİstanbul: _bİstanbul Serbest Muhasebeci Mali Müşavirler Odası (İSMMMO), _c2011. |
||
| 300 |
_a696 s.: _c19 sm. |
||
| 490 |
_aİSMMMO yayınları ; _aMevzuat serisi; _v142. _v9. |
||
| 650 |
_aTicaret hukuku _xKanunlar _zTürkiye |
||
| 700 |
_95815 _aDoğrusöz, Bumin _ehaz. |
||
| 700 |
_95816 _aOnat, Öznur _ehaz. |
||
| 700 |
_95817 _aTöralp, Funda Tunçel _ehaz. |
||
| 942 |
_2ddc _cBKS |
||